LEADER 00864nam 2200253 450 001 9910283144403321 005 20180911121923.0 010 $a978-88-917-6889-6 100 $a20180911d2018----u y0engy50 ba 101 0 $aita 102 $aIT 105 0 $a 00 200 1 $aUsi e abusi dei sondaggi politico - elettorali in Italia$euna guida per i giornalisti, politici e ricercatori$fGiovanni Di Franco 210 $aMilano$cFrancoAngeli$d2018 215 $a174 p.$d23 cm 225 $a<>cassetta degli attrezzi$estrumenti per le scienze umane$v18 610 0 $aElezioni politiche$aSondaggi d'opinione 676 $a324$v22$zita 700 1$aDi Franco,$bGiovanni$0145641 912 $a9910283144403321 952 $a324 DIF 1$b5128$fbfs 959 $aBFS 996 $aUsi e abusi dei sondaggi politico - elettorali in Italia$91507549 997 $aUNINA LEADER 01201nam--2200397---450- 001 990003449610203316 005 20101005153602.0 010 $a978-88-6159-362-6 035 $a000344961 035 $aUSA01000344961 035 $a(ALEPH)000344961USA01 035 $a000344961 100 $a20101005d2010----km-y0itay50------ba 101 1 $aita$cfre 102 $aIT 105 $aa---||||001yy 200 1 $a<>istante e la sua ombra$fJean-Christophe Bailly$ga cura di Elio Grazioli 210 $a[Milano]$cBruno Mondadori$d2010 215 $a144 p.$cill.$d19 cm 225 2 $aTesti e pretesti 300 $aTraduzione di E. Grazioli 410 0$12001$aTesti e pretesti 454 0$12001$a<>instant et son ombre$932987 606 0 $aFotografia$xLinguaggio$2BNCF 676 $a770.11 700 1$aBAILLY,$bJean-Christophe$0166862 702 1$aGRAZIOLI,$bElio 801 0$aIT$bsalbc$gISBD 912 $a990003449610203316 951 $aXIII.5. 314$b228080 L.M.$cXIII.5.$d00282818 959 $aBK 969 $aUMA 979 $aPASSARO$b90$c20101005$lUSA01$h0947 979 $aANNAMARIA$b90$c20101005$lUSA01$h1536 996 $aInstant et son ombre$932987 997 $aUNISA